| 000 | 00426nam a2200145Ia 4500 | ||
|---|---|---|---|
| 008 | 220203s9999 xx 000 0 und d | ||
| 100 | _aV. C. Mercykutty | ||
| 245 | 0 | _aIdentification of Hevea Clones: A Manual | |
| 260 |
_bRubber Research Institute of India _aKottayam _c2002 |
||
| 650 | _aCrop Improvement | ||
| 700 | _aC. K. Saraswathyamma | ||
| 700 | _aJoseph G. Marattukalam | ||
| 700 | _aT. Meenakumari | ||
| 942 | _cPN | ||
| 999 |
_c45106 _d45106 |
||